000 00298nam a22001337a 4500
020 _a978-81-8495-028-1
082 _a158
_bXAV/O
100 _aXAVIER,FRANCIS . G
245 _a101 INSPIRING STORIES
260 _aMUMBAI
_bJAICO
300 _a187
650 _aINSPIRING STORIES
_zMUMBAI
942 _cBK
999 _c5684
_d5684